Memòria : 1994-1996 / Oficina Tècnica de Cooperació 1994-1996 / Oficina Tècnica de Cooperació
Publicado:
[Barcelona] :Diputació de Barcelona, Àrea de Cooperació, Oficina Tècnica de Cooperació :
1997
Descripción Física:
29 p. ; 30 cm
MARC
| LEADER | 00000nam a2200000Ia 4500 | ||
|---|---|---|---|
| 001 | 13640 | ||
| 008 | 160829s1997 xx 000 0 cat d | ||
| 080 | |a FU-18-2 | ||
| 110 | |a Barcelona (Catalunya : Província). |b Oficina Tècnica de Cooperació |9 53580 | ||
| 245 | |a Memòria : |b 1994-1996 / Oficina Tècnica de Cooperació | ||
| 260 | |a [Barcelona] :Diputació de Barcelona, Àrea de Cooperació, Oficina Tècnica de Cooperació, |c 1997 | ||
| 300 | |a 29 p. ; |c 30 cm | ||
| 610 | 1 | 0 | |a Barcelona (Catalunya : Província). |b Oficina Tècnica de Cooperació |v Revistes |9 56029 |
| 901 | |a Arxiu | ||
| 942 | |n 1 | ||
| 952 | |0 0 |1 0 |4 0 |6 FU182 |7 1 |9 41676 |a Arxiu |b Arxiu |d 2016-12-01 |l 0 |o FU-18-2 |p 13640 |r 2016-12-01 00:00:00 |w 2016-12-01 |y ARXIU | ||
| 999 | |c 43566 |d 43566 | ||